00730nam a2200169Ia 4500008004100000041001200041082001600053100001700069245005200086260003400138300000800172650001600180942000700196999001500203952017100218952017100389221030s9999 xx 000 0 und d aEnglish a105.23bUll aJ. D. Ullman 0aPrinciples of Database Systemscby J. D. Ullman bGalgotia PubaNew Delhic2002 a484 aBE Computer cBK c7990d7990 pBE 5919g176.00l0o105.23 Ullr2024-06-13 00:00:00w2022-10-30yBK003Print4070aMIETLIBbMIETLIBcBL-Academic Block C, FL-2, CUP-28, SH-2, R-2d2002-08-2610HBE pBE 5920g176.00l0o105.23 Ullr2024-06-13 00:00:00w2022-10-30yBK003Print4070aMIETLIBbMIETLIBcBL-Academic Block C, FL-2, CUP-28, SH-2, R-2d2002-08-2610HBE